Welcome to the Holygrace Academy Library

Please use search bar below to get started

INTERACTIVE ALGEBRA (Record no. 1232)

MARC details
000 -LEADER
fixed length control field 00297nam a22001337a 4500
020 ## - INTERNATIONAL STANDARD BOOK NUMBER
ISBN 818348015-2
082 ## - DEWEY DECIMAL CLASSIFICATION NUMBER
Classification number 510
Item number GOY/I
100 ## - MAIN ENTRY--AUTHOR NAME
Personal name GOYAL S.K
245 ## - TITLE STATEMENT
Title INTERACTIVE ALGEBRA
Remainder of title VOL 1
260 ## - PUBLICATION, DISTRIBUTION, ETC. (IMPRINT)
Place of publication MEERUT
Name of publisher ARIHANT PRAKASHAN
300 ## - PHYSICAL DESCRIPTION
Number of Pages 464
650 ## - SUBJECT ADDED ENTRY--TOPICAL TERM
Topical Term MATHS REFERENCE
Geographic subdivision INDIA
942 ## - ADDED ENTRY ELEMENTS (KOHA)
Koha item type Books
Holdings
Withdrawn status Lost status Collection code Home library Current library Shelving location Date acquired Source of acquisition Cost, normal purchase price Full call number Accession Number Koha item type
    Reference Main Library Main Library SHELF-5 A REFERENCE MATHS 23/10/2006 purchase 185.00 510 GOY/I 03332 Books